Deep learning in biometrics (Record no. 6618)
[ view plain ]
| 000 -LEADER | |
|---|---|
| fixed length control field | 00699nam a22002537a 4500 |
| 003 - CONTROL NUMBER IDENTIFIER | |
| control field | OSt |
| 005 - DATE AND TIME OF LATEST TRANSACTION | |
| control field | 20220107122855.0 |
| 008 - FIXED-LENGTH DATA ELEMENTS--GENERAL INFORMATION | |
| fixed length control field | 190923b xxu||||| |||| 00| 0 eng d |
| 020 ## - INTERNATIONAL STANDARD BOOK NUMBER | |
| International Standard Book Number | 9781138578234 |
| 040 ## - CATALOGING SOURCE | |
| Transcribing agency | IIITMK |
| 082 ## - DEWEY DECIMAL CLASSIFICATION NUMBER | |
| Classification number | 006.31 VAT/D |
| 100 ## - MAIN ENTRY--PERSONAL NAME | |
| Personal name | Vatsa, Mayank (Eds.) |
| 9 (RLIN) | 16838 |
| 245 ## - TITLE STATEMENT | |
| Title | Deep learning in biometrics |
| Statement of responsibility, etc. | Mayank Vatsa |
| 260 ## - PUBLICATION, DISTRIBUTION, ETC. | |
| Place of publication, distribution, etc. | Boca Raton, |
| Name of publisher, distributor, etc. | CRC Press, |
| Date of publication, distribution, etc. | 2018. |
| 300 ## - PHYSICAL DESCRIPTION | |
| Extent | xii, 316p. |
| 650 ## - SUBJECT ADDED ENTRY--TOPICAL TERM | |
| Topical term or geographic name entry element | COMPUTER SCIENCE |
| 9 (RLIN) | 17174 |
| 650 ## - SUBJECT ADDED ENTRY--TOPICAL TERM | |
| Topical term or geographic name entry element | MACHINE LEARNING |
| 9 (RLIN) | 17175 |
| 650 ## - SUBJECT ADDED ENTRY--TOPICAL TERM | |
| Topical term or geographic name entry element | DEEP LEARNING |
| 9 (RLIN) | 17176 |
| 650 ## - SUBJECT ADDED ENTRY--TOPICAL TERM | |
| Topical term or geographic name entry element | DATA ANALYTICS |
| 9 (RLIN) | 17177 |
| 650 ## - SUBJECT ADDED ENTRY--TOPICAL TERM | |
| Topical term or geographic name entry element | BIOMETRICS |
| 9 (RLIN) | 17178 |
| 700 ## - ADDED ENTRY--PERSONAL NAME | |
| Personal name | Singh, Richa |
| 9 (RLIN) | 16839 |
| 700 ## - ADDED ENTRY--PERSONAL NAME | |
| Personal name | Majumdar, Angshul |
| 9 (RLIN) | 16840 |
| 942 ## - ADDED ENTRY ELEMENTS (KOHA) | |
| Source of classification or shelving scheme | Dewey Decimal Classification |
| Koha item type | Books |
| Withdrawn status | Lost status | Source of classification or shelving scheme | Damaged status | Not for loan | Collection code | Home library | Current library | Shelving location | Date acquired | Cost, normal purchase price | Total Checkouts | Total Renewals | Full call number | Barcode | Date last seen | Date last checked out | Price effective from | Koha item type |
|---|---|---|---|---|---|---|---|---|---|---|---|---|---|---|---|---|---|---|
| Dewey Decimal Classification | Machine Learning/ Deep Learning | Kerala University of Digital Sciences, Innovation and Technology Knowledge Centre | Kerala University of Digital Sciences, Innovation and Technology Knowledge Centre | Computer Science | 23/09/2019 | 6332.00 | 3 | 5 | 006.31 VAT/D | 5552 | 29/03/2022 | 14/01/2022 | 23/09/2019 | Books |